[Event "ch-ISL 2012"]
[Site "Kopavogur ISL"]
[Date "2012.04.13"]
[Round "1"]
[Board "1"]
[White "Gislason, Gudmundur"]
[Black "Thorfinnsson, Bjorn"]
[Result "0-1"]
[BlackTitle "IM"]
[WhiteElo "2346"]
[BlackElo "2416"]
[WhiteFideId "2300559"]
[BlackFideId "2300982"]
[EventDate "2012.04.13"]

1. e4 e5 2. Nf3 Nc6 3. Bb5 Nge7 4. O-O d6 5. d4 Bd7 6. c3 Ng6 7. Ng5 h6 8. Nxf7
Kxf7 9. f4 exd4 10. Qh5 Qf6 11. f5 Ke8 12. fxg6 Qe5 13. Qe2 Be7 14. cxd4 Nxd4
15. Bxd7+ Kxd7 16. Qg4+ Qe6 17. Qxe6+ Kxe6 18. Nc3 Raf8 19. Bf4 Bf6 20. Rad1 Nc6
21. Nd5 Kd7 22. b4 Ne7 23. Nxc7 Kxc7 24. Bxd6+ Kc6 25. e5 Bg5 26. Rf7 Rxf7 27.
gxf7 Kd7 28. Bc5+ Ke6 29. g3 b6 30. Bf2 Nd5 31. b5 Rf8 0-1

[Event "ch-ISL 2012"]
[Site "Kopavogur ISL"]
[Date "2012.04.13"]
[Round "1"]
[Board "2"]
[White "Danielsen, Henrik"]
[Black "Kristjansson, Stefan"]
[Result "1/2-1/2"]
[WhiteTitle "GM"]
[BlackTitle "GM"]
[WhiteElo "2504"]
[BlackElo "2500"]
[WhiteFideId "1400185"]
[BlackFideId "2301172"]
[EventDate "2012.04.13"]

1. Nf3 Nf6 2. c4 c5 3. g3 g6 4. Bg2 Bg7 5. Nc3 d5 6. O-O O-O 7. d3 Nc6 8. Bf4
dxc4 9. dxc4 Nh5 10. Be3 Nd4 11. Qd2 e5 12. Nd5 Rb8 13. Rad1 b5 14. cxb5 Rxb5
15. Nc3 Rb4 16. Ng5 Nf6 17. h3 Qb6 18. b3 Rd8 19. Kh1 Bb7 20. Nf3 Ne4 21. Nxe4
Bxe4 22. Bh6 Bxh6 23. Qxh6 Nxf3 24. exf3 Bf5 25. Qe3 Rbd4 26. Rc1 f6 27. Rc3 Qa5
28. Rfc1 Rd1+ 29. Kh2 Rxc1 30. Rxc1 Qxa2 31. Qxc5 Qd2 32. Ra1 Qd4 33. Qxa7 Qxa7
34. Rxa7 Rd2 35. Ra6 Kf7 36. Ra7+ Kg8 37. Ra8+ Kf7 38. Kg1 Rd1+ 39. Kh2 Rd2 40.
Ra7+ Kg8 41. Ra8+ 1/2-1/2

[Event "ch-ISL 2012"]
[Site "Kopavogur ISL"]
[Date "2012.04.13"]
[Round "1"]
[Board "3"]
[White "Jensson, Einar Hjalti"]
[Black "Thorfinnsson, Bragi"]
[Result "1/2-1/2"]
[BlackTitle "IM"]
[WhiteElo "2245"]
[BlackElo "2421"]
[WhiteFideId "2301067"]
[BlackFideId "2300958"]
[EventDate "2012.04.13"]

1. d4 Nf6 2. c4 e6 3. Nf3 b6 4. g3 Bb7 5. Bg2 c5 6. dxc5 Bxc5 7. a3 O-O 8. O-O
Be7 9. Qa4 Qc7 10. Bf4 d6 11. Rd1 Nbd7 12. Nc3 a6 13. Rac1 Rac8 14. b4 Rfe8 15.
Nd2 Bxg2 16. Kxg2 Qb7+ 17. f3 d5 18. cxd5 exd5 19. e4 b5 20. Qb3 Nb6 21. h4 Bf8
22. g4 dxe4 23. Ndxe4 Nxe4 24. Nxe4 Nc4 25. Rd4 1/2-1/2

[Event "ch-ISL 2012"]
[Site "Kopavogur ISL"]
[Date "2012.04.13"]
[Round "1"]
[Board "5"]
[White "Thorhallsson, Throstur"]
[Black "Arngrimsson, Dagur"]
[Result "1/2-1/2"]
[WhiteTitle "GM"]
[BlackTitle "IM"]
[WhiteElo "2398"]
[BlackElo "2361"]
[WhiteFideId "2300109"]
[BlackFideId "2301288"]
[EventDate "2012.04.13"]

1. e4 c6 2. d4 d5 3. e5 Bf5 4. Nd2 e6 5. Nb3 Nd7 6. Nf3 Ne7 7. Be2 Nc8 8. O-O
Be7 9. a4 O-O 10. h3 a6 11. Be3 f6 12. exf6 Bxf6 13. Bf4 Be4 14. Bg3 Ne7 15. Bd3
Bxf3 16. Qxf3 e5 17. Qg4 e4 18. Be2 g6 19. f3 Nf5 20. fxe4 Nxg3 21. Qxg3 dxe4
22. c3 Qe7 23. Bg4 Nb6 24. Nc5 Bh4 25. Be6+ Kg7 26. Qe5+ Bf6 27. Qxe4 Rae8 28.
Qg4 h5 29. Qg3 Bh4 30. Qe5+ Bf6 31. Qg3 Bh4 32. Qd3 Nxa4 33. Rxf8 Rxf8 34. Rxa4
b6 35. Ra1 bxc5 36. d5 cxd5 37. Bxd5 Qe5 38. Bf3 Rb8 39. Qd2 Rd8 40. Qe2 1/2-1/2

[Event "ch-ISL 2012"]
[Site "Kopavogur ISL"]
[Date "2012.04.13"]
[Round "1"]
[Board "6"]
[White "Bjornsson, Sigurbjorn"]
[Black "Kjartansson, Gudmundur"]
[Result "1-0"]
[WhiteTitle "FM"]
[BlackTitle "IM"]
[WhiteElo "2393"]
[BlackElo "2357"]
[WhiteFideId "2300974"]
[BlackFideId "2301318"]
[EventDate "2012.04.13"]

1. e4 e5 2. Nf3 Nc6 3. Bb5 a6 4. Ba4 Nf6 5. O-O Be7 6. Re1 b5 7. Bb3 d6 8. c3
O-O 9. h3 Nb8 10. d4 Nbd7 11. Nbd2 Bb7 12. a4 c5 13. Bc2 Qc7 14. Nf1 cxd4 15.
cxd4 Rfc8 16. Bd3 d5 17. exd5 e4 18. Bxe4 Nxe4 19. Rxe4 Nf6 20. Re1 bxa4 21.
Rxa4 Nxd5 22. Ne5 Nb6 23. Ra1 f6 24. Nf3 Bd5 25. Ne3 Bf7 26. Bd2 Qb7 27. Qe2 Bf8
28. Rec1 Re8 29. Qd3 Nd5 30. Nxd5 Bxd5 31. Bc3 Be4 32. Qe3 Bd6 33. Re1 Bc7 34.
Re2 Qd5 35. Rae1 Qd6 36. g3 Qd5 37. Nd2 Bh1 38. Qxe8+ Rxe8 39. Rxe8+ Kf7 40. f3
Bxf3 41. R8e7+ Kg6 42. Rxc7 Qd6 43. Kf2 Qxc7 44. Nxf3 Qd7 45. h4 h5 46. Ra1 Kf5
47. Rxa6 Kg4 48. d5 Qxd5 49. Ra4+ Kh3 50. Ng1+ Kh2 51. Nf3+ Kh3 52. Rf4 Qd3 53.
Ng1+ Kh2 54. Ne2 Kh3 55. Rxf6 Kh2 56. Rf3 Qd7 1-0

[Event "ch-ISL 2012"]
[Site "Kopavogur ISL"]
[Date "2012.04.14"]
[Round "2"]
[Board "1"]
[White "Thorfinnsson, Bjorn"]
[Black "Kjartansson, Gudmundur"]
[Result "1/2-1/2"]
[WhiteTitle "IM"]
[BlackTitle "IM"]
[WhiteElo "2416"]
[BlackElo "2357"]
[WhiteFideId "2300982"]
[BlackFideId "2301318"]
[EventDate "2012.04.13"]

1. e4 e5 2. Nf3 Nc6 3. Bc4 Bc5 4. c3 Nf6 5. d4 exd4 6. cxd4 Bb4+ 7. Bd2 Bxd2+ 8.
Nbxd2 d5 9. exd5 Nxd5 10. Qb3 Na5 11. Qa4+ Nc6 12. Qb3 Na5 13. Qa4+ Nc6 14. Qa3
Qe7+ 15. Qxe7+ Ncxe7 16. O-O Bf5 17. Bxd5 Nxd5 18. Rfe1+ Ne7 19. Rac1 Kd8 20.
Ne5 Rf8 21. g4 Bc8 22. f3 a5 23. Ne4 f6 24. Nd3 Ra6 25. Nec5 Rd6 26. Nf4 Nd5 27.
Nce6+ Bxe6 28. Nxe6+ Rxe6 29. Rxe6 Kd7 30. Re4 c6 31. Kf2 a4 32. h4 a3 33. bxa3
Ra8 34. h5 g5 35. Rce1 h6 36. R4e3 Nxe3 37. Rxe3 b5 38. Rc3 Kd6 39. Ke3 Kd5 40.
Rc5+ Kd6 41. Ke4 Rxa3 42. Rc2 b4 43. Rb2 Ke6 44. Rxb4 Rxa2 45. Rc4 Kd6 46. Kf5
Ra3 47. Kg6 Rxf3 48. Kxh6 Rf4 49. Kg7 Rxg4 50. h6 Rh4 51. h7 g4 52. h8=Q Rxh8
53. Kxh8 Kd5 54. Rc1 Kxd4 55. Kg7 c5 56. Kxf6 c4 57. Rg1 c3 58. Rxg4+ Kd3 59.
Ke5 c2 60. Rg1 1/2-1/2

[Event "ch-ISL 2012"]
[Site "Kopavogur ISL"]
[Date "2012.04.14"]
[Round "2"]
[Board "2"]
[White "Arngrimsson, Dagur"]
[Black "Bjornsson, Sigurbjorn"]
[Result "0-1"]
[WhiteTitle "IM"]
[BlackTitle "FM"]
[WhiteElo "2361"]
[BlackElo "2393"]
[WhiteFideId "2301288"]
[BlackFideId "2300974"]
[EventDate "2012.04.13"]

1. d4 d5 2. c4 c6 3. Nf3 Nf6 4. Nc3 e6 5. g3 dxc4 6. Bg2 b5 7. Ne5 Nd5 8. a4 f6
9. Nf3 b4 10. Ne4 Be7 11. O-O O-O 12. Qc2 Ba6 13. Bh3 Qd7 14. Nc5 Bxc5 15. dxc5
Qe7 16. Nd4 e5 17. Nf5 Qxc5 18. e4 b3 19. Qd1 Ne7 20. Be3 Qb4 21. Bd2 Qc5 22.
Be3 Qb4 23. Qe1 c3 24. bxc3 Qb7 25. Nd6 Qc7 26. Be6+ Kh8 27. Nf7+ Rxf7 28. Bxf7
Bxf1 29. Qxf1 Nf5 30. exf5 Qxf7 31. Qd3 Nd7 32. c4 e4 33. Qxe4 Ne5 34. Rb1 Re8
35. Bf4 Nxc4 36. Qxc6 b2 37. Kg2 Rd8 38. f3 Qd5 39. Qxd5 Rxd5 40. Kh3 Rd3 0-1

[Event "ch-ISL 2012"]
[Site "Kopavogur ISL"]
[Date "2012.04.14"]
[Round "2"]
[Board "3"]
[White "Stefansson, Hannes"]
[Black "Thorhallsson, Throstur"]
[Result "0-1"]
[WhiteTitle "GM"]
[BlackTitle "GM"]
[WhiteElo "2531"]
[BlackElo "2398"]
[WhiteFideId "2300087"]
[BlackFideId "2300109"]
[EventDate "2012.04.13"]

1. d4 e6 2. Nf3 c5 3. g3 cxd4 4. Nxd4 Nc6 5. Bg2 Qb6 6. Nb3 d5 7. O-O Nf6 8. Nc3
Be7 9. e4 d4 10. Ne2 e5 11. c3 dxc3 12. Be3 Qa6 13. Nxc3 Bg4 14. Qb1 O-O 15. Rc1
Nd8 16. Nd5 Nxd5 17. exd5 f5 18. Rc7 f4 19. gxf4 Bd6 20. Bf1 Qa4 21. Rc4 Qe8 22.
Qe4 Qh5 23. fxe5 Bxe5 24. f4 Bxb2 25. Re1 Nf7 26. Qc2 Bf6 27. Nd4 Nd6 28. Rc7
Rfe8 29. Ne6 Qxd5 30. Ng5 Bf5 31. Bg2 Qa5 32. Qb3+ Be6 33. Bd2 Qxd2 34. Rxe6
Rxe6 35. Qxe6+ Kh8 36. h4 Qxf4 37. Nf7+ Nxf7 0-1

[Event "ch-ISL 2012"]
[Site "Kopavogur ISL"]
[Date "2012.04.14"]
[Round "2"]
[Board "5"]
[White "Kristjansson, Stefan"]
[Black "Jensson, Einar Hjalti"]
[Result "1-0"]
[WhiteTitle "GM"]
[WhiteElo "2500"]
[BlackElo "2245"]
[WhiteFideId "2301172"]
[BlackFideId "2301067"]
[EventDate "2012.04.13"]

1. e4 e5 2. Nf3 Nf6 3. Nc3 Bb4 4. Nxe5 O-O 5. Nd3 Bxc3 6. dxc3 Nxe4 7. Be2 d5 8.
O-O c6 9. f3 Nd6 10. Be3 Re8 11. Bf2 b6 12. Re1 a5 13. Bf1 Nd7 14. Rxe8+ Qxe8
15. Qd2 Ba6 16. Qf4 Qe6 17. Re1 Qf6 18. Qxf6 gxf6 19. g3 Bxd3 20. cxd3 Rd8 21.
Be3 Re8 22. Kf2 b5 23. Bf4 Rxe1 24. Kxe1 Nb7 25. Bh3 Nbc5 26. Ke2 Ne6 27. Bd6 a4
28. f4 Kg7 29. b3 axb3 30. axb3 Nb6 31. Kd2 h5 32. f5 Nf8 33. Bg2 Nfd7 34. d4
Nc8 35. Ba3 h4 36. gxh4 Nb8 37. Kd3 Nb6 38. Bf3 N8d7 39. h5 Kh7 40. h3 Kg7 41.
Bc1 Kh7 42. h6 Kg8 43. Ba3 Kh7 44. Bc1 Nc8 45. Bh5 Kg8 46. Ba3 Nf8 47. h4 Nh7
48. c4 bxc4+ 49. bxc4 dxc4+ 50. Kxc4 Nb6+ 51. Kc5 Nd5 52. Bf3 Ne3 53. Be4 Nf8
54. Kxc6 Ne6 55. fxe6 fxe6 56. h7+ Kg7 57. Bg6 Nd5 58. h5 Nf4 59. Bf8+ Kh8 60.
Be7 Nd5 61. Kd6 1-0

[Event "ch-ISL 2012"]
[Site "Kopavogur ISL"]
[Date "2012.04.14"]
[Round "2"]
[Board "6"]
[White "Gislason, Gudmundur"]
[Black "Danielsen, Henrik"]
[Result "0-1"]
[BlackTitle "GM"]
[WhiteElo "2346"]
[BlackElo "2504"]
[WhiteFideId "2300559"]
[BlackFideId "1400185"]
[EventDate "2012.04.13"]

1. e4 e6 2. d3 d5 3. Nd2 c5 4. g3 Nc6 5. Bg2 g6 6. f4 Nge7 7. Ngf3 Bg7 8. Qe2 b6
9. O-O O-O 10. Re1 Ba6 11. Kh1 Rc8 12. exd5 Nxd5 13. Nc4 Nd4 14. Nxd4 cxd4 15.
a4 Qc7 16. b3 Bb7 17. Bd2 a6 18. Be4 b5 19. Ba5 Qb8 20. axb5 axb5 21. Na3 Ba8
22. Kg1 Rfe8 23. Qd2 Bf8 24. b4 Bh6 25. Qf2 Bg7 26. Rac1 h5 27. Nb1 h4 28. Nd2
hxg3 29. hxg3 Qd6 30. Qh2 f5 31. Bh1 e5 32. Nf3 exf4 33. Ng5 fxg3 34. Qh7+ Kf8
35. Bf3 Nf4 36. Rxe8+ Rxe8 37. Bxa8 Rxa8 38. Rf1 Re8 39. Qh4 Ne2+ 40. Kg2 Qc6+ 0-1

[Event "ch-ISL 2012"]
[Site "Kopavogur ISL"]
[Date "2012.04.15"]
[Round "3"]
[Board "1"]
[White "Danielsen, Henrik"]
[Black "Thorfinnsson, Bjorn"]
[Result "1-0"]
[WhiteTitle "GM"]
[BlackTitle "IM"]
[WhiteElo "2504"]
[BlackElo "2416"]
[WhiteFideId "1400185"]
[BlackFideId "2300982"]
[EventDate "2012.04.13"]

1. c4 Nf6 2. Nc3 c6 3. d4 d5 4. Nf3 dxc4 5. a4 Bf5 6. e3 e6 7. Bxc4 Bb4 8. O-O
Nbd7 9. Qe2 Bg6 10. e4 Bh5 11. Rd1 Qe7 12. h3 e5 13. g4 Nxg4 14. hxg4 Bxg4 15.
d5 f5 16. dxc6 bxc6 17. exf5 Bxc3 18. bxc3 e4 19. Rxd7 Kxd7 20. Be6+ 1-0

[Event "ch-ISL 2012"]
[Site "Kopavogur ISL"]
[Date "2012.04.15"]
[Round "3"]
[Board "2"]
[White "Jensson, Einar Hjalti"]
[Black "Gislason, Gudmundur"]
[Result "0-1"]
[WhiteElo "2245"]
[BlackElo "2346"]
[WhiteFideId "2301067"]
[BlackFideId "2300559"]
[EventDate "2012.04.13"]

1. d4 g6 2. e4 Bg7 3. Nc3 d6 4. f4 a6 5. Nf3 b5 6. Bd3 Bb7 7. e5 e6 8. Ne4 Ne7
9. O-O Nf5 10. c3 Nd7 11. a4 O-O 12. g4 Nh4 13. g5 Nxf3+ 14. Qxf3 Qb8 15. Qe2
Bxe4 16. Bxe4 d5 17. Bd3 c5 18. Be3 c4 19. Bc2 b4 20. h4 a5 21. h5 Re8 22. Kf2
b3 23. Bd1 Nb6 24. Kg3 Qb7 25. Rh1 Qd7 26. Rh3 Nxa4 27. Qh2 Nb6 28. hxg6 fxg6
29. Rxh7 a4 30. Bg4 Qf7 31. Rh1 Kf8 32. Bc1 Ke7 33. Bxe6 Kxe6 34. Qh3+ Qf5 35.
Rxg7 Qxh3+ 36. Rxh3 Rg8 37. Rb7 Rab8 38. Rhh7 a3 39. bxa3 Rxb7 40. Rxb7 Na4 41.
Kg4 Rh8 42. Ra7 Rh1 43. Ra6+ Kd7 44. Ra7+ Kc6 45. Rxa4 Rg1+ 46. Kh4 Rxc1 47. Rb4
Rxc3 48. f5 gxf5 49. g6 f4 50. e6 Rg3 51. Rb6+ Kc7 52. Rb7+ Kxb7 53. e7 b2 54.
e8=Q b1=Q 55. Qd7+ Ka6 56. Qc6+ Qb6 57. Qa8+ Kb5 58. Qxd5+ Ka4 59. Qxc4+ Kxa3
60. Qc1+ Qb2 61. Qc5+ Ka2 62. Qc4+ Kb1 63. Qf1+ Qc1 64. Qb5+ Ka1 65. Qa5+ Ra3
66. Qe5 Qh1+ 67. Kg5 Qg2+ 68. Kh6 Ra6 69. d5+ Ka2 70. d6 Qh3+ 71. Kg5 Qg3+ 72.
Kf5 Qd3+ 73. Kxf4 Rxd6 74. g7 Qc4+ 75. Kf3 Rd3+ 76. Kf2 Qc2+ 77. Qe2 Qxe2+ 0-1

[Event "ch-ISL 2012"]
[Site "Kopavogur ISL"]
[Date "2012.04.15"]
[Round "3"]
[Board "3"]
[White "Kjartansson, David"]
[Black "Kristjansson, Stefan"]
[Result "1-0"]
[WhiteTitle "FM"]
[BlackTitle "GM"]
[WhiteElo "2305"]
[BlackElo "2500"]
[WhiteFideId "2301130"]
[BlackFideId "2301172"]
[EventDate "2012.04.13"]

1. e4 c5 2. c3 d5 3. exd5 Qxd5 4. d4 Nc6 5. Nf3 Bf5 6. dxc5 Qxd1+ 7. Kxd1 O-O-O+
8. Ke1 e5 9. Be3 Nf6 10. Bc4 Nd5 11. b4 f6 12. Nbd2 Nxc3 13. Rc1 Nd5 14. a3 g5
15. Nb3 Bg7 16. b5 Nce7 17. Ke2 Ng6 18. Rhd1 Ngf4+ 19. Kf1 Nxe3+ 20. fxe3 Nd3
21. Rc3 Nb2 22. Rxd8+ Rxd8 23. Be2 Be6 24. Na5 g4 25. Ne1 Nd1 26. Bxd1 Rxd1 27.
b6 Kb8 28. Ke2 Rb1 29. bxa7+ Kxa7 30. c6 b6 31. Nc4 Bf8 32. Nd3 Bc8 33. e4 Ba6
34. c7 Ra1 35. Ne3 Ra2+ 36. Kd1 Bc8 37. Nc2 f5 38. exf5 e4 39. Ndb4 Bxb4 40.
axb4 b5 41. Ra3+ 1-0

[Event "ch-ISL 2012"]
[Site "Kopavogur ISL"]
[Date "2012.04.15"]
[Round "3"]
[Board "4"]
[White "Thorhallsson, Throstur"]
[Black "Thorfinnsson, Bragi"]
[Result "1/2-1/2"]
[WhiteTitle "GM"]
[BlackTitle "IM"]
[WhiteElo "2398"]
[BlackElo "2421"]
[WhiteFideId "2300109"]
[BlackFideId "2300958"]
[EventDate "2012.04.13"]

1. e4 e5 2. Nf3 Nc6 3. Bb5 a6 4. Ba4 Nf6 5. Qe2 b5 6. Bb3 Bc5 7. c3 d6 8. h3 O-O
9. d3 Qe8 10. Bg5 Nd7 11. Bd5 Bb7 12. Nbd2 Bb6 13. O-O Kh8 14. Nh4 f6 15. Be3
Rb8 16. a4 Ne7 17. Bxb7 Rxb7 18. axb5 axb5 19. d4 b4 20. Rfe1 bxc3 21. bxc3 Qf7
22. Nhf3 Rfb8 23. Nc4 Ng6 24. Qd3 h6 25. g3 Ne7 26. Kg2 exd4 27. cxd4 d5 28.
exd5 Nxd5 29. Bd2 Nf8 30. Re4 Rd8 31. Qe2 Rbb8 32. Kh2 Re8 33. Re1 Rxe4 34. Qxe4
Rd8 35. Qh4 Re8 36. Re4 Rxe4 37. Qxe4 Qe6 38. Qd3 Kg8 39. Kg2 Kf7 40. Bc1 Ng6
41. Bd2 1/2-1/2

[Event "ch-ISL 2012"]
[Site "Kopavogur ISL"]
[Date "2012.04.15"]
[Round "3"]
[Board "5"]
[White "Bjornsson, Sigurbjorn"]
[Black "Stefansson, Hannes"]
[Result "0-1"]
[WhiteTitle "FM"]
[BlackTitle "GM"]
[WhiteElo "2393"]
[BlackElo "2531"]
[WhiteFideId "2300974"]
[BlackFideId "2300087"]
[EventDate "2012.04.13"]

1. e4 e5 2. Nf3 Nc6 3. Bb5 a6 4. Ba4 Nge7 5. c3 g6 6. d4 exd4 7. cxd4 b5 8. Bb3
Bg7 9. O-O O-O 10. Bg5 h6 11. Bh4 d6 12. Qd3 g5 13. Bg3 g4 14. Nh4 Nxd4 15. Bd1
Be6 16. Nd2 Qd7 17. a4 c5 18. Bf4 Ng6 19. Nxg6 fxg6 20. Qg3 Rad8 21. f3 gxf3 22.
Nxf3 g5 23. Be3 Nxf3+ 24. Bxf3 Bxb2 0-1

[Event "ch-ISL 2012"]
[Site "Kopavogur ISL"]
[Date "2012.04.15"]
[Round "3"]
[Board "6"]
[White "Kjartansson, Gudmundur"]
[Black "Arngrimsson, Dagur"]
[Result "1-0"]
[WhiteTitle "IM"]
[BlackTitle "IM"]
[WhiteElo "2357"]
[BlackElo "2361"]
[WhiteFideId "2301318"]
[BlackFideId "2301288"]
[EventDate "2012.04.13"]

1. d4 d5 2. c4 c6 3. Nf3 Nf6 4. Nc3 dxc4 5. a4 Bf5 6. Ne5 Nbd7 7. Nxc4 Qc7 8.
Bg5 e5 9. e3 Rd8 10. Qf3 Be6 11. Bd3 Bb4 12. Bxf6 Nxf6 13. Nxe5 c5 14. Bb5+ Kf8
15. Qg3 Qa5 16. O-O Bxc3 17. bxc3 Ne4 18. Qh4 Nxc3 19. dxc5 h6 20. f4 Rd2 21.
Bc4 Qxc5 22. Bxe6 fxe6 23. Qh5 Kg8 24. Qf7+ Kh7 25. Qg6+ Kg8 26. Qxe6+ Kh7 27.
Qg6+ Kg8 28. Kh1 h5 29. Qf7+ Kh7 30. Qxh5+ Kg8 31. Qf7+ Kh7 32. Rf3 1-0

[Event "ch-ISL 2012"]
[Site "Kopavogur ISL"]
[Date "2012.04.16"]
[Round "4"]
[White "Thorfinnsson, Bjorn"]
[Black "Arngrimsson, Dagur"]
[Result "0-1"]
[WhiteTitle "IM"]
[BlackTitle "IM"]
[WhiteElo "2416"]
[BlackElo "2361"]
[WhiteFideId "2300982"]
[BlackFideId "2301288"]
[EventDate "2012.04.13"]

1. e4 c6 2. d4 d5 3. e5 Bf5 4. Nc3 e6 5. g4 Bg6 6. Nge2 c5 7. h4 h5 8. Nf4 Bh7
9. g5 cxd4 10. Nb5 Be4 11. f3 Bf5 12. Nxd4 Ne7 13. Nxf5 Nxf5 14. Bd3 g6 15. Bxf5
gxf5 16. Qe2 Nc6 17. Bd2 Qc7 18. O-O-O Bg7 19. g6 O-O-O 20. gxf7 Qxf7 21. Rhg1
Rhe8 22. Nd3 Qc7 23. Rde1 Kb8 24. Kb1 Nd4 25. Qd1 Bf8 26. Be3 Nc6 27. Rg6 d4 28.
Bd2 Qb6 29. f4 Ne7 30. Rf6 Nd5 31. Qxh5 Rc8 32. Rc1 Nc3+ 33. Ka1 Ne4 34. Qe2 Rc4
35. Nf2 Qc6 36. Be1 Rc8 37. Kb1 Nxf6 38. exf6 Bd6 39. Nd3 Qe4 40. Qxe4 fxe4 41.
Ne5 Bxe5 42. fxe5 d3 43. Bc3 Rxc3 0-1

[Event "ch-ISL 2012"]
[Site "Kopavogur ISL"]
[Date "2012.04.16"]
[Round "4"]
[White "Stefansson, Hannes"]
[Black "Kjartansson, Gudmundur"]
[Result "1-0"]
[WhiteTitle "GM"]
[BlackTitle "IM"]
[WhiteElo "2531"]
[BlackElo "2357"]
[WhiteFideId "2300087"]
[BlackFideId "2301318"]
[EventDate "2012.04.13"]

1. d4 Nf6 2. c4 g6 3. Nc3 d5 4. Nf3 Bg7 5. Bf4 O-O 6. Rc1 dxc4 7. e4 Bg4 8. Bxc4
Nh5 9. Be3 Bxf3 10. Qxf3 Bxd4 11. O-O Bxe3 12. Qxe3 e5 13. Rfd1 Nd7 14. Qh3 Nhf6
15. Nd5 Nxd5 16. Bxd5 Qc8 17. Bb3 Nf6 18. Qc3 Qe8 19. Qxc7 Nxe4 20. Qxb7 Nf6 21.
Rc7 Rb8 22. Qxa7 Rb4 23. Re7 1-0

[Event "ch-ISL 2012"]
[Site "Kopavogur ISL"]
[Date "2012.04.16"]
[Round "4"]
[White "Thorfinnsson, Bragi"]
[Black "Bjornsson, Sigurbjorn"]
[Result "1/2-1/2"]
[WhiteTitle "IM"]
[BlackTitle "FM"]
[WhiteElo "2421"]
[BlackElo "2393"]
[WhiteFideId "2300958"]
[BlackFideId "2300974"]
[EventDate "2012.04.13"]

1. d4 d5 2. c4 c6 3. Nf3 Nf6 4. Qb3 dxc4 5. Qxc4 Bf5 6. g3 e6 7. Bg2 Be7 8. O-O
O-O 9. e3 Nbd7 10. Rd1 Qa5 11. Bd2 Qb6 12. b4 Ne4 13. Be1 Bf6 14. Nc3 Nxc3 15.
Bxc3 Be4 16. Ne5 Bd5 17. Qe2 Bxe5 18. dxe5 Bxg2 19. Rxd7 Be4 20. f3 Bd5 21. a4
a5 22. bxa5 Qb3 23. Be1 c5 24. Rd6 Bc6 25. e4 Ra6 26. Rd3 Qc4 27. Qe3 Bxa4 28.
Rc3 Qd4 29. Qxd4 cxd4 30. Rc4 Bc6 31. Rxd4 b6 32. Rd6 Rc8 33. Rad1 Kf8 34. Bb4
Ke8 35. axb6 Rxb6 36. Ba5 Ra6 37. Bb4 Rb6 38. Be1 Rb3 39. R6d3 Rxd3 40. Rxd3 Bb5
41. Rb3 Ba4 42. Ra3 Rc4 43. Kf2 Bd1 44. Ke3 Rc2 45. Ra8+ Kd7 46. Bb4 Rb2 47.
Ra7+ Kc6 48. Bc3 Rb3 49. Kd4 Rb7 50. Rxb7 Kxb7 1/2-1/2

[Event "ch-ISL 2012"]
[Site "Kopavogur ISL"]
[Date "2012.04.16"]
[Round "4"]
[White "Kristjansson, Stefan"]
[Black "Thorhallsson, Throstur"]
[Result "0-1"]
[WhiteTitle "GM"]
[BlackTitle "GM"]
[WhiteElo "2500"]
[BlackElo "2398"]
[WhiteFideId "2301172"]
[BlackFideId "2300109"]
[EventDate "2012.04.13"]

1. e4 c5 2. Nc3 Nc6 3. f4 e6 4. Nf3 d5 5. Bb5 Ne7 6. exd5 exd5 7. Qe2 Bg4 8.
Bxc6+ bxc6 9. b3 Bxf3 10. Qxf3 Nf5 11. Bb2 Be7 12. O-O-O O-O 13. g4 Nd4 14. Qf2
Bh4 15. Qf1 Re8 16. Qh3 Bf6 17. Rde1 Qd7 18. Qg3 c4 19. Rxe8+ Rxe8 20. Re1 Rxe1+
21. Qxe1 h5 22. g5 Qf5 23. Ne4 Nxb3+ 24. axb3 Bxb2+ 25. Kxb2 dxe4 26. Qe3 cxb3
27. cxb3 c5 28. Kc3 Qd5 29. d3 exd3 30. Qxd3 Qe6 31. Qd8+ Kh7 32. Qd3+ Kg8 33.
Qd8+ Kh7 34. Qd3+ g6 35. h4 Qe1+ 36. Kc4 Qb4+ 37. Kd5 Qxf4 38. Qc4 Qf5+ 39. Kd6
Kg8 40. Qxc5 Qe6+ 41. Kc7 Qxb3 42. Qxa7 Qc4+ 43. Kd7 Qxh4 44. Qb8+ Kh7 45. Ke7
Qxg5+ 46. Kxf7 Qf5+ 47. Ke7 h4 48. Qh2 Qg5+ 49. Kf8 Qf6+ 50. Ke8 Kh6 0-1

[Event "ch-ISL 2012"]
[Site "Kopavogur ISL"]
[Date "2012.04.16"]
[Round "4"]
[White "Gislason, Gudmundur"]
[Black "Kjartansson, David"]
[Result "1-0"]
[BlackTitle "FM"]
[WhiteElo "2346"]
[BlackElo "2305"]
[WhiteFideId "2300559"]
[BlackFideId "2301130"]
[EventDate "2012.04.13"]

1. c4 e5 2. g3 Nc6 3. Bg2 Nf6 4. Nc3 Bc5 5. Nf3 d6 6. d3 h6 7. O-O O-O 8. a3 a6
9. b4 Ba7 10. Rb1 Be6 11. Nd2 d5 12. Bb2 Re8 13. cxd5 Nxd5 14. Nce4 Qe7 15. Nb3
Rad8 16. Nec5 Bc8 17. Rc1 a5 18. b5 Nd4 19. e3 Nxb3 20. Nxb3 Bb6 21. Qc2 h5 22.
Nc5 Qd6 23. d4 exd4 24. Bxd4 h4 25. Rfd1 hxg3 26. hxg3 Bxc5 27. Qxc5 Qxc5 28.
Rxc5 Be6 29. Be5 c6 30. bxc6 bxc6 31. Bd4 a4 32. Rxc6 Ne7 33. Ra6 Nf5 34. Bc6
Bb3 35. Rd2 Re6 36. Ra8 Rxa8 37. Bxa8 Nd6 38. Bc5 Ne4 39. Rd8+ Kh7 40. Bd4 Kg6
41. g4 f5 42. f3 Nf6 43. gxf5+ Kxf5 44. e4+ Kg6 45. Kf2 Re7 46. Ke3 Rc7 47. e5
Nh5 48. Be4+ Kg5 49. Kf2 Bf7 50. Be3+ Kh4 51. Rd4 Rc4 52. Rxc4 Bxc4 53. Bf5 Bf7
54. Bd7 Bb3 55. f4 Ng3 56. Bb6 Ne4+ 57. Ke3 Nc3 58. Bd8+ Kg3 59. f5 Nd5+ 60. Ke4
Nf4 61. Bg5 Bc2+ 62. Ke3 Nh3 63. Bd8 Nf2 64. f6 gxf6 65. exf6 Bb3 66. Bxa4 Ng4+
67. Kd4 Bf7 68. Bd7 Nf2 69. a4 1-0

[Event "ch-ISL 2012"]
[Site "Kopavogur ISL"]
[Date "2012.04.16"]
[Round "4"]
[White "Danielsen, Henrik"]
[Black "Jensson, Einar Hjalti"]
[Result "1-0"]
[WhiteTitle "GM"]
[WhiteElo "2504"]
[BlackElo "2245"]
[WhiteFideId "1400185"]
[BlackFideId "2301067"]
[EventDate "2012.04.13"]

1. g3 Nf6 2. Bg2 g6 3. e4 d6 4. d4 Bg7 5. Ne2 O-O 6. O-O e5 7. c4 c6 8. Nbc3 a6
9. h3 b5 10. dxe5 dxe5 11. c5 Ra7 12. Be3 Be6 13. Qc2 Qc8 14. Kh2 a5 15. a4 b4
16. Nb1 Rd8 17. Nd2 Qa6 18. Nc1 Nh5 19. Re1 f5 20. Bf1 Qc8 21. Bg5 Rf8 22. exf5
gxf5 23. Nc4 h6 24. Bh4 e4 25. Nb3 Bd5 26. Qd1 Nf6 27. Nd4 f4 28. gxf4 Nbd7 29.
Rc1 Nxc5 30. Nb6 Qc7 31. Nxd5 cxd5 32. Nb5 Qb6 33. Nxa7 Qxa7 34. Bxf6 Rxf6 35.
Qxd5+ Ne6 36. Rc8+ Kf7 37. Qh5+ Rg6 38. Re3 Nxf4 39. Bc4+ Kf6 40. Rc6+ Ke7 41.
Qh4+ 1-0